Organizing to beat the Devil : Methodists and the making of America /

Αποθηκεύτηκε σε:
Λεπτομέρειες βιβλιογραφικής εγγραφής
Κύριος συγγραφέας: Ferguson, Charles W. (Charles Wright), 1901-1987
Μορφή: Βιβλίο
Γλώσσα:English
Έκδοση: Garden City, N.Y. : Doubleday, 1971.
Έκδοση:[1st ed.].
Θέματα:
LEADER 00909nam a2200229 i 4500
001 c000234016
003 CARM
005 00000000000000.0
008 840229s1971 nyu 0 eng d
019 1 |a 535529  |5 LACONCORD2021 
035 |a (OCoLC)127646  |5 LACONCORD2021 
082 0 4 |a 287/.6/73 
100 1 |a Ferguson, Charles W.  |q (Charles Wright),  |d 1901-1987. 
245 1 0 |a Organizing to beat the Devil :  |b Methodists and the making of America /  |c [by] Charles W. Ferguson. 
250 |a [1st ed.]. 
260 |a Garden City, N.Y. :  |b Doubleday,  |c 1971. 
300 |a x, 466 p ;  |c 24 cm. 
504 |a Includes bibliographical references. 
650 0 |a Methodists  |z United States. 
852 8 |b CARM  |h A2:AQ30B0  |i C08580  |p 0330790  |f BK 
999 f f |i adc0751c-6b81-5e5d-ac3a-77d4d678d7e8  |s abde6e26-8298-5f51-ad78-3bcf06b7066b 
952 f f |p Can circulate  |a CAVAL  |b CAVAL  |c CAVAL  |d CARM 1 Store  |e C08580  |f A2:AQ30B0  |h Other scheme  |i book  |m 0330790